Zahlen zu Fakten - Israel - Statistiken

Allgemein
  • Dieses Quiz wurde 25 mal gespielt
  • Das Durchschnittsergebnis liegt bei 8 aus 20
Antwortstatistiken
Hint Antwort % Korrekt
Anzahl an Zeitzonen 1
88%
Anzahl an Einwohnern 10 Mio.
84%
Lebenserwartung in Jahren 83
84%
Anzahl an Nachbarländern 4
64%
Durchschnittlicher IQ 97
64%
Fläche in km² 22 Tsd.
44%
Bruttoinlandsprodukt in $ 540 Mrd.
44%
Bruttoinlandsprodukt pro Kopf in $ 54 Tsd.
44%
Anzahl an Städten mit einer Bevölkerung von 1 Mio. 0
36%
Anzahl an Meeren, an die Israel grenzt 3
36%
Küstenlänge in km 275
28%
Bevölkerungsdichte pro km² 442
24%
Rang im Human Development Index 27
20%
Rang in der Kategorie Good Country Index 45
20%
Rang in der Kategorie Gesundheitswesen 9
20%
Anzahl an Nobelpreisträgern 13
16%
Anzahl an ESC-Siegen 4
16%
Anzahl an ESC-Teilnahmen 47
8%
Rang im Happy Planet Index 54
8%
Rang in der Kategorie Tourismus 66
4%
Keine übereinstimmenden Quizze gefunden
Verteilung der Resultate
Anzahl Personen mit jedem Resultat
Perzentil nach korrekt beantworteten Fragen
Ihre Resultats-Entwicklung
Sie haben dieses Quiz noch nicht gespielt